Manažérske rozhodovanie v kontexte Industry 4.0 diplomová práca

Saved in:
Bibliographic Details
Main Author: Vesel, Peter
Corporate Author: Fakulta podnikového manažmentu EU. Katedra manažmentu
Other Authors: Jankelová, Nadežda, 1966-
Format: Book
Language:Slovak
Published: Bratislava 2023
Tags: Add Tag
No Tags, Be the first to tag this record!

MARC

LEADER 00000nbm a2200000 4500
001 0293585
005 20240221090034.8
041 0 |a slo 
044 |a SK 
245 1 0 |a Manažérske rozhodovanie v kontexte Industry 4.0  |b diplomová práca  |c Peter Vesel ; školiteľ: Nadežda Jankelová 
264 1 |a Bratislava  |c 2023 
300 |a 75 s. 
100 1 |a Vesel, Peter 
700 1 |a Jankelová, Nadežda, 1966- 
710 2 |a Fakulta podnikového manažmentu EU. Katedra manažmentu